000 00552nam a2200169Ia 4500
008 090711s9999 xx 000 0 und d
082 _b805
100 _aमाने राजेंद्र
245 _aधाकटा वाडा.
260 _bकॉन्टीनेन्टल प्रकाशन
_c2000
300 _a243
600 _aमाने राजेंद्र
630 _aधाकटा वाडा.
700 _aमाने राजेंद्र
730 _aधाकटा वाडा.
942 _cBOOK
999 _c337795
_d337795